000 00940 a2200229 4500
999 _c1597
_d1597
020 _a0028036670
050 0 0 _aHF5679.SPI 1998
100 _aSpiegelberg, Emma Jo
245 0 0 _aGlencoe computerized accounting :
_bWindows version/
_cEmma Jo Spiegelberg ... [et al.].
264 _aNew York:
_bMcGraw hill.,
_c1998
300 _axii, 578 p. :
_bill. ;
500 _aIncludes index.
650 0 _aAccounting
_xComputer-assisted instruction.
650 0 _aAccounting
_xComputer programs.
700 _aYacht, Carol
700 _aScaber Christopher
700 _aLentz Phyllis
856 4 2 _3Publisher description
_uhttp://www.loc.gov/catdir/description/mh041/95011574.html
856 4 2 _3Contributor biographical information
_uhttp://www.loc.gov/catdir/enhancements/fy0737/95011574-b.html
942 _2lcc
_cBK
_h5679
_iSPI
_kHF